| 000 | 00566nam a2200193 a 4500 | ||
|---|---|---|---|
| 005 | 20220622063612.0 | ||
| 008 | 120627s2007 mx r 000 0 spa d | ||
| 020 | _a9789870406952 | ||
| 035 | _aUPN01000185557 | ||
| 049 | _aI | ||
| 050 | 4 |
_aPQ7798.29 U3.7 _bA5.6 |
|
| 100 | 1 |
_aSuárez, Patricia, _d1969- _931716 |
|
| 245 | 1 | 0 |
_aAmor dragón / _cPatricia Suárez ; il. de Irene Singer. |
| 260 |
_aBuenos Aires : _bAlfaguara, _c2007. |
||
| 300 |
_a134 p. : _bil. |
||
| 440 | 0 | _aAlfaguara infantil | |
| 650 | 0 |
_aAnimales _vCuentos y leyendas _9234 |
|
| 905 | _aInfantil | ||
| 999 |
_c157660 _d157660 |
||